[Event "SVK-chT3B2 2324"]
[Site "Slovakia"]
[Date "2023.11.19"]
[Round "4.8"]
[White "Flak, Lubomir"]
[Black "Chrenko, David"]
[Result "1-0"]
[WhiteElo "1589"]
[BlackElo "1481"]
[PlyCount "87"]
[EventDate "2023.10.15"]
[EventType "team-tourn"]
[EventRounds "11"]
[EventCountry "SVK"]
[SourceTitle "EXT 2025"]
[Source "ChessBase"]
[SourceDate "2024.10.14"]
[SourceVersion "1"]
[SourceVersionDate "2024.10.14"]
[SourceQuality "1"]
[WhiteTeam "Handlova"]
[BlackTeam "Chynorany"]
[WhiteTeamCountry "SVK"]
[BlackTeamCountry "SVK"]

1. d4 d5 2. c4 c6 3. Nf3 Nf6 4. Nc3 e6 5. Bg5 Be7 6. e3 Nbd7 7. Qc2 h6 8. Bh4 b6 9. cxd5 exd5 10. Bd3 Ne4 11. Bxe7 Qxe7 12. Bxe4 dxe4 13. Qxe4 Qxe4 14. Nxe4 0-0 15. Rc1 f5 16. Ned2 c5 17. 0-0 Re8 18. dxc5 Nxc5 19. Rfe1 Ba6 20. Nc4 Rad8 21. b3 Ne4 22. h3 b5 23. Na5 b4 24. Red1 Nc3 25. Rxd8 Rxd8 26. Ra1 Ne2+ 27. Kh1 Rd5 28. Nc6 Rc5 29. Nfd4 f4 30. Nxb4 Nxd4 31. exd4 Ra5 32. Nxa6 Rxa6 33. Kg1 Kf7 34. Kf1 Rd6 35. Rd1 Ke6 36. Ke2 Kf5 37. Kd3 g5 38. Rc1 Ra6 39. a4 Ke6 40. Rc5 Rd6 41. b4 a6 42. b5 axb5 43. axb5 Kd7 44. d5 1-0

[Event "SVK-chT3B2 2324"]
[Site "Slovakia"]
[Date "2023.10.15"]
[Round "1.7"]
[White "Chrenko, David"]
[Black "Sunal, Miroslav"]
[Result "0-1"]
[WhiteElo "1481"]
[BlackElo "1568"]
[PlyCount "53"]
[EventDate "2023.10.15"]
[EventType "team-tourn"]
[EventRounds "11"]
[EventCountry "SVK"]
[SourceTitle "EXT 2025"]
[Source "ChessBase"]
[SourceDate "2024.10.14"]
[SourceVersion "1"]
[SourceVersionDate "2024.10.14"]
[SourceQuality "1"]
[WhiteTeam "Chynorany"]
[BlackTeam "Lehota pod Vtacnikom"]
[WhiteTeamCountry "SVK"]
[BlackTeamCountry "SVK"]

1. e4 c5 2. Nf3 Nc6 3. d4 cxd4 4. Nxd4 Nf6 5. Nc3 a6 6. Bc4 e6 7. 0-0 Be7 8. Be3 0-0 9. a3 Qc7 10. f4 Nxd4 11. Qxd4 Ng4 12. Bf2 Nxf2 13. Rxf2 Bc5 14. Qd3 Qxf4 15. Raf1 Bxf2+ 16. Rxf2 Qc1+ 17. Nd1 b5 18. Bb3 Bb7 19. Rf1 Qg5 20. Ne3 Rad8 21. c4 bxc4 22. Bxc4 d5 23. exd5 exd5 24. Rf5 dxc4 25. Rxg5 cxd3 26. Nf5 d2 27. Ne3 0-1

[Event "SVK-chT3B2 1920"]
[Site "Slovakia"]
[Date "2019.11.03"]
[Round "3.7"]
[White "Chrenko, David"]
[Black "Mutnansky, Pavol"]
[Result "1-0"]
[WhiteElo "1392"]
[BlackElo "1000"]
[PlyCount "41"]
[EventDate "2019.10.06"]
[EventType "team-tourn"]
[EventRounds "11"]
[EventCountry "SVK"]
[SourceTitle "CBM 193 Extra"]
[Source "ChessBase"]
[SourceDate "2020.01.31"]
[SourceVersion "1"]
[SourceVersionDate "2020.01.31"]
[SourceQuality "1"]
[WhiteTeam "Chynorany"]
[BlackTeam "Nemsova Horne Srnie II"]
[WhiteTeamCountry "SVK"]
[BlackTeamCountry "SVK"]

1. e4 e5 2. Nf3 Qe7 3. Nc3 c6 4. d4 d6 5. dxe5 dxe5 6. Bc4 Be6 7. Nxe5 Bxc4 8. Nxc4 Nf6 9. 0-0 Qe6 10. Qd3 h6 11. Bf4 Nbd7 12. Bd6 Bxd6 13. Nxd6+ Kf8 14. Nxb7 a5 15. Qd6+ Qxd6 16. Nxd6 g6 17. Rfd1 Ne5 18. f4 Neg4 19. Rd3 Rb8 20. b3 Kg7 21. h3 1-0